Score 0/14 Timer 05:00
0 Plays Today
description character % Correct
grey eyes, blond hairannabeth
95%
blue-green eyes, black hairpercy
94.2%
half goat brown hairgrover
91.7%
one eye brown hair super bigtyson
91.7%
half horse white beard teacherchiron
91.7%
mighty, powerfull, oldest god, blond, blue eyes, one of the threezeus
90%
sandy hair, brown eyesluke
89.2%
description character % Correct
spiky black hair, blue eyes, punk thalia
89.2%
brown hair, brown eyes, beautifull, charm speakerpiper
89.2%
gold eyes, took lukes body, evilkronos
88.3%
brown hair, brown eyes, fire userleo
88.3%
blond hair, blue eyes, scar on lipjason
87.5%
olive skin, black hair black eyes boynico
83.3%
olive skin, black hair black eyes girlbianca
77.5%
Remove Ads.
Support Sporcle.
Get the best of Sporcle when you Go Orange. This ad-free experience offers more features, more stats, and more fun while also helping to support Sporcle. Thank you for becoming a member.

You're not logged in!

Compare scores with friends on all Sporcle quizzes.
OR
Log In

Show Comments

Extras

Top Quizzes Today


Score Distribution

Your Account Isn't Verified!

In order to create a playlist on Sporcle, you need to verify the email address you used during registration. Go to your Sporcle Settings to finish the process.

Report this User

Report this user for behavior that violates our Community Guidelines.

Details: